00430nam a2200157Ia 4500008004100000020001800041082001500059100004300074245001900117250000800136260004200144300002700186500001900213600002000232650002000252240925s9999 xx 000 0 und d a9789332587601 a339.01 BLA aBlanchard, Olivier ; Johnson, David R. 0aMacroeconomics a6th aNew Delhi:bPearson Educationc,2017. axv,535p.bNAfOriginal aIncludes Index aSocial Sciences aSocial Sciences